<?xml version="1.0" encoding="UTF-8"?>
<marc:record xmlns:marc="http://www.loc.gov/MARC21/slim">
   <marc:leader>00000nam a2200000 a 4500</marc:leader>
   <marc:datafield ind1="1" ind2=" " tag="100">
      <marc:subfield code="a">Lieth, Norbert</marc:subfield>
      <marc:subfield code="4">aut</marc:subfield>
      <marc:subfield code="e">Verfasser/-in</marc:subfield>
   </marc:datafield>
   <marc:datafield ind1=" " ind2=" " tag="653">
      <marc:subfield code="a">Bibel</marc:subfield>
   </marc:datafield>
   <marc:datafield ind1="0" ind2="0" tag="245">
      <marc:subfield code="a">Spuren im Leben Davids</marc:subfield>
   </marc:datafield>
   <marc:datafield ind1="0" ind2="0" tag="245">
      <marc:subfield code="b">Norbert Lieth</marc:subfield>
   </marc:datafield>
   <marc:datafield ind1=" " ind2="1" tag="264">
      <marc:subfield code="b">Verl. Mitternachtsruf</marc:subfield>
      <marc:subfield code="c">2013</marc:subfield>
   </marc:datafield>
   <marc:datafield ind1="1" ind2=" " tag="520">
      <marc:subfield code="a">Jedes Menschenleben hinterläßt Spuren - Spuren des Segens oder Spuren des Verderbens. Auch in der Bibel finden wir diese Spuren. Dort sind es jedoch keine gewöhnlichen Spuren, sondern Spuren mit seelsorgerlichen und prophetischen Komponenten. Beides sehen wir in ausgeprägter Weise in der Person und im Leben Davids wie auch bei denjenigen, die seinem Lebensweg kreuzten. Lassen Sie sich mitnehmen auf eine spannende Spurensuche!</marc:subfield>
   </marc:datafield>
   <marc:datafield ind1="3" ind2=" " tag="024">
      <marc:subfield code="a">9783858100276</marc:subfield>
   </marc:datafield>
</marc:record>
